Statistics for FC Barcelona Champions League Winner Starting XI

Click here to take the quiz!

General Stats

  • This quiz has been taken 63 times
  • The average score is 28 of 40

Answer Stats

Player % Correct
Lionel Messi
100%
Luis Suárez
100%
Marc-André ter Stegen
98%
Víctor Valdés
98%
Gerard Piqué
98%
Xavi
98%
Andrés Iniesta
98%
Neymar
98%
Samuel Eto'o
96%
Dani Alves
94%
David Villa
94%
Thierry Henry
94%
Javier Mascherano
94%
Sergio Busquets
94%
Ivan Rakitić
92%
Carles Puyol
90%
Jordi Alba
90%
Eric Abidal
88%
Yaya Touré
88%
Pedro
86%
Deco
84%
Pep Guardiola
84%
Ronaldinho
82%
Hristo Stoichkov
82%
Rafael Márquez
82%
Ronald Koeman
72%
Michael Laudrup
66%
Giovanni van Bronckhorst
60%
Mark van Bommel
56%
Ludovic Giuly
54%
Andoni Zubizarreta
40%
Sylvinho
40%
Edmílson
32%
Oleguer
24%
Albert Ferrer
12%
José Mari Bakero
12%
Juan Carlos
6%
Eusebio
4%
Nando
4%
Julio Salinas
2%

Score Distribution

Percentile by Number Answered

Percent of People with Each Score

Your Score History

You have not taken this quiz